000 00912cam a2200253 a 4500
001 11784411
005 20180226033317.0
008 990903s2000 azua be 001 0 eng
010 _a 99047257
020 _a1573562181 (alk. paper)
040 _aDLC
_cDLC
_dDLC
041 _aeng
043 _an-us---
080 _a817.503 NIL
082 0 0 _a817.503 NIL
_221
100 1 _a23
101 _aENC
245 1 0 _aEncyclopedia of 20th-century American humor /
_cAlleen Pace Nilsen and Don L.F. Nilsen.
246 3 _aEncyclopedia of twentieth century American humor
504 _aIncludes bibliographical references (p. 311-331) and index.
906 _a7
_bcbc
_corignew
_d1
_eocip
_f19
_gy-gencatlg
942 _2ddc
_cBK
999 _c43391
_d43391